000 00547nam a2200229Ia 4500
003 OSt
005 20221005120609.0
006 a|||||r|||| 00| 0
007 ta
008 221004b |||||||| |||| 00| 0 eng d
024 _a59907
037 _cTextual
040 _aCRL
_cCRL
_beng
041 _2eng
_aeng
082 _aV2:28:N2, F9
100 _aGhose N N
_999746
245 0 _aEngland's work in India
260 _c1929
650 _aHISTORY
942 _hV2:28:N2, F9
_cTEXL
_2cc
999 _c1038514
_d1038514